Psychologie práce a její užití

Na minha lista:
Detalhes bibliográficos
Autor principal: Bureš, Zbyněk
Formato: Livro
Idioma:tcheco
Publicado em: Praha Práce 1973
Edição:2. vyd.
Colecção:Knižnice vědecké řízení
Tags: Adicionar Tag
Sem tags, seja o primeiro a adicionar uma tag!

MARC

LEADER 00000nam a2200000 4500
001 c121223
005 20050302095229.4
041 0 |a cze 
044 |a CZ 
245 1 0 |a Psychologie práce a její užití  |c Zbyněk Bureš 
250 |a 2. vyd. 
264 1 |a Praha  |b Práce  |c 1973 
300 |a 291 s. 
490 1 |a Knižnice vědecké řízení 
830 0 |a Knižnice vědecké řízení 
100 1 |a Bureš, Zbyněk